Przejdź do treści

Rhema. Рема, 2018, № 2 научный журнал

Zapisane w:
Opis bibliograficzny
Format: Журнал
Dostęp online:https://znanium.com/catalog/document?id=338161
https://znanium.com/cover/1015/1015827.jpg
Etykiety: Dodaj etykietę
Nie ma etykietki, Dołącz pierwszą etykiete!
LEADER 01528nam0a2200325 i 4500
001 RU\infra-m\znanium\bibl\1015827
003 https://znanium.com/catalog/document?id=338161
005 20240807000000.0
100 |a 20240807d2019 m y0rusy0150 ca 
101 0 |a rus 
102 |a RU 
200 1 |a Rhema. Рема, 2018, № 2  |e научный журнал  |e Журнал 
210 1 |a Москва  |c Московский педагогический государственный университет  |d 2018 
215 |a 127 с. 
333 |a ВО - Магистратура 
606 |a Педагогика. Образование  |x Педагогика высшей школы  |2 local 
606 |a Педагогика. Образование  |x Педагогика общего среднего образования  |2 local 
606 |a Филологические науки  |x Общие вопросы. Лингвистика  |2 local 
608 |a Журнал  |2 local 
675 |a 370  |z rus 
675 |a 80  |z rus 
675 |a 81  |z rus 
675 |a 820  |z rus 
686 |a 740  |2 rubbk 
686 |a 80  |2 rubbk 
686 |a 81  |2 rubbk 
686 |a 83  |2 rubbk 
801 0 |a RU  |b Общество с ограниченной ответственностью «ЗНАНИУМ»  |c 20190111  |2 rusmarc 
856 4 |a znanium.com  |m ebs_support@infra-m.ru  |n НИЦ ИНФРА-М  |u https://znanium.com/catalog/document?id=338161 
856 4 1 |a znanium.com  |d /cover/1015  |f 1015827.jpg  |q image/jpeg  |u https://znanium.com/cover/1015/1015827.jpg